000 00549cab a22001935a 4500
001 L154022
008 111004e20111001xxk 000 0 eng d
035 _a(Sirsi) u154022
041 0 _aeng
100 1 _aMaxwell, Estelle
245 0 0 _aFocus
_bauctions
260 _c2011
490 _aEstates Gazette
_v(1139) 1 October 2011, 77-87(9)
520 _aLooks at the activity in auctions rooms in the past year and looks ahead to the next 12 months.
590 _aKA
651 4 _aUnited Kingdom
_y
690 _aAuctioneering
_96218
942 _n0
999 _c83456
_d83456